000 00615nam a2200229 a 4500
001 155912
003 OSt
005 20260216150338.0
008 180410 ### HIN
020 _a9781284104493
082 _a576.5
_bK87G
100 _aKrebs, Jocelyn E
245 _aLewin's genes XII
_cby Jocelyn E. Krebs, Elliott S. Goldstein and Stephen T. Kilpatrick
260 _aBurlington
_bJone & Bartlett
_c2018
300 _axxv, 837p.
546 _aEnglish
650 _2Genetics
650 _2Genes
700 _aGoldstein, Elliott S.
700 _aKilpatrick, Stephen T.
942 _2ddc
_cBK
999 _c18342
_d18342